| 000 | 01446aam a2200373 i 4500 | ||
|---|---|---|---|
| 001 | 015787165 | ||
| 003 | EG-ScBUE | ||
| 005 | 20260426095235.0 | ||
| 008 | 110414t2012 mauab f b 001 0 eng d | ||
| 020 | _a0321732677 (pbk.) : | ||
| 020 | _a9780321732675 (pbk.) : | ||
| 040 |
_aEG-ScBUE _beng _erda _cEG-ScBUE _dEG-ScBUE |
||
| 082 | 0 | 4 |
_a579 _222 _bBAU |
| 100 | 1 |
_aBauman, Robert W., _eauthor. _931085 |
|
| 245 | 1 | 0 |
_aMicrobiology : _bwith diseases by body system / _cRobert W.Bauman ; clinical consultants: Cecily D. Cosby, Janet Fulks, John M. Lammert ; contributions by Elizabeth Machunis-Masuoka, Jean E. Montgomery. |
| 250 | _aThird edition. | ||
| 250 | _aInternational edition. | ||
| 264 | 1 |
_aBoston ; _aLondon : _bBenjamin Cummings, _c[2012] |
|
| 264 | 4 | _cc2012 | |
| 300 |
_axxxvi, 803, [86] pages : _billustrations (chiefly color), color maps ; _c28 cm |
||
| 336 |
_2rdacontent _atext _btxt |
||
| 337 |
_aunmediated _2rdamedia _bn |
||
| 338 |
_avolume _bnc _2rdacarrier |
||
| 504 | _aIncludes bibliographical references and index. | ||
| 650 | 7 |
_aMedical microbiology. _2BUEsh _931086 |
|
| 653 | _cOctober2012 | ||
| 655 | _vReading book | ||
| 700 | 1 |
_aCosby, Cecily D., _eauthor. _931087 |
|
| 700 | 1 |
_aFulks, Janet, _eauthor. _931088 |
|
| 700 | 1 |
_aLammert, John, _d1943- _eauthor. _931089 |
|
| 700 | 1 |
_aMachunis-Masuoka, Elizabeth, _econtributor. _931090 |
|
| 700 | 1 |
_aMontgomery, Jean E., _econtributor. _931091 |
|
| 942 |
_2ddc _cBB |
||
| 999 |
_c17064 _d17036 |
||